000 00299nam a22001337a 4500
008 190227b xxu||||| |||| 00| 0 eng d
020 _a9780136365075
041 _aeng
080 _23rd
_a510
100 _a38
101 _aMAT
245 _aBasic College Mathematics
_cSlater, J
942 _2udc
_cBK
999 _c54369
_d54369